000 00316 a2200133 4500
082 _a626.6
090 _c6140
_d6140
100 _aTanner,James M.
245 _aGrowth.
_cJames M.Tanner.
260 _aHong Kong.
_bTime-Life Books.
_c1991.
300 _a198p.
500 _aHard cover.
942 _aNBS
_cBK
_k626.6 TAN
999 _c348517
_d348517